Samagra karnataka ithihasa mattu samskrathi (Record no. 238974)

MARC details
000 -LEADER
fixed length control field 00445nam a2200181Ia 4500
003 - CONTROL NUMBER IDENTIFIER
control field OSt
005 - DATE AND TIME OF LATEST TRANSACTION
control field 20260401145626.0
008 - FIXED-LENGTH DATA ELEMENTS--GENERAL INFORMATION
fixed length control field 250729s2011 xx 000 0 und d
040 ## - CATALOGING SOURCE
Transcribing agency AL
041 ## - LANGUAGE CODE
Language code of text/sound track or separate title kan
082 ## - DEWEY DECIMAL CLASSIFICATION NUMBER
Classification number 900.15 PALS
100 ## - MAIN ENTRY--PERSONAL NAME
Personal name Palaksha
9 (RLIN) 230823
245 ## - TITLE STATEMENT
Title Samagra karnataka ithihasa mattu samskrathi
260 ## - PUBLICATION, DISTRIBUTION, ETC.
Place of publication, distribution, etc. Thipaturu
Name of publisher, distributor, etc. Shashi Prakashana
Date of publication, distribution, etc. 2011
300 ## - PHYSICAL DESCRIPTION
Extent 337p
650 ## - SUBJECT ADDED ENTRY--TOPICAL TERM
Topical term or geographic name entry element History
9 (RLIN) 230824
942 ## - ADDED ENTRY ELEMENTS (KOHA)
Source of classification or shelving scheme Dewey Decimal Classification
Koha item type School of Education
Holdings
Withdrawn status Lost status Damaged status Not for loan Home library Current library Date acquired Source of acquisition Cost, normal purchase price Total Checkouts Full call number Barcode Date last seen Cost, replacement price Price effective from Koha item type
        St Aloysius Library St Aloysius Library 07/29/2025 Management Books 500.00   900.15 PALS BED04293 07/29/2025 500.00 07/29/2025 Book